000 00507nam a22001697a 4500
999 _c8367
_d8367
008 201117b ||||| |||| 00| 0 eng d
040 _aBMS College of Architecture
100 _aRaghavi, K R
245 _aAbode of nature
300 _a62p.
500 _a1BM15AT072
502 _8B,Arch
_NBMS College of Architecture, Visvesvaraya Technological University (VTU)
_aProject report
_d2019
650 _aNature
700 _aAparna Reveendran
_eGuide
700 _aManohar Walvekar
_eGuide
942 _2ddc
_cTHE